000 00298nam a22001337a 4500
008 180919b xxu||||| |||| 00| 0 eng d
020 _a9780976480679
041 _aeng
080 _a574
100 _a9
101 _aMJE
245 _aLymphedema Caregiver's Guide
_cKearse, M.K
942 _2udc
_cBK
999 _c48065
_d48065